1005 1366 1563 1233 1501 1882 1829 1949 1318 1411 1246 1416 1625 1605 1041 1770 1594 1373 1571 1351 1605 1701 1306 1023 1033 1632 1315 1745 1636 1559 1104 1726 1464 1855 1706 1108 1438 1743 1458 1368 1201 1771 1047 1456 1865 1362 1344 1667 1185 1844 1727 1201 1762 1910 1711 1711 1278 1427 1998 1009 1899 1831 1459 1050 1019 1535 1847 1913 1681 1828 1100 1302 1020 1704 1613 1881 1085 1753 1209 1187 1697 1976 1460 1151 1710 1531 1518 1187 1563 1557 1605 1687 1148 1233 1243 1586 1144 1484 1449 BCNSPRNW ULIB Ver.6.0+V

เปลี่ยนเป็นภาษาไทย

Change to English
 แสดงรายละเอียดบรรณานุกรม
  กลับหน้าหลัก

Brief Record : Get Marc (ISO 2709) : E-mail record : QR code < ปิดหน้าต่าง
LEADER : 00000nam 2200000uu 4500
001    13399112636
003     ULIB
008    110829s2552||||th 000 0 tha d
020    9746110837
050  4 HV859.T5^bม246ก ล.1 2552
110 1  มหาวิทยาลัยสุโขทัยธรรมาธิราช. ^bสาขาวิชาคหกรรมศาสตร์
245 00 การจัดการสถานเลี้ยงเด็กในชุมชน หน่วยที่ 1-7=^bManagement of child carecenters /^cสาขาวิชาคหกรรมศาสตร์ มหาวิทยาลัยสุโขทัยธรรมาธิราช
246 31 Management of child care centers
250    พิมพ์ครั้งที่ 13
260    นนทบุรี :^bสำนักพิมพ์มหาวิทยาลัยสุโขทัยธรรมาธิราช,^c2552
300    2 เล่ม :^bภาพประกอบ ;^c30 ซม.
500    "เอกสารการสอนชุดวิชา 70423 หน่วยที่ 1-7, 8-15"- หน้าปกใน
650  4 เด็ก^xการดูแลและสุขวิทยา
650  4 สถานเลี้ยงเด็ก^xการจัดการ
945    ^p0^l0^i028851
945    ^p0^l0^i028852
995    ทศพร
999 ^a ทศพร
รายการนี้ยังไม่มีแท็ก
คุณยังไม่ได้ล็อกอิน คุณสามารถมีกิจกรรมร่วมกับเว็บไซต์ได้ แต่ต้องล็อกอินก่อน ::
  ล็อกอิน

รายการสื่อสารสนเทศ

ลำดับที่ ประเภท เลขเรียก/บาร์โค้ด สถานที่ สถานะ
- ไม่พบข้อมูล -

BibComment


ยังไม่เคยถูกคอมเมนท์

คอมเมนท์ทรัพยากรรายการนี้
  คอมเมนท์: การจัดการสถานเลี้..


 Copyright 2026. Bcnsprnw @Library